Estadísticas para Top 10 Economías más Grandes en Europa

Haz click aquí para tomar la prueba!

Estadísticas generales

  • Esta prueba ha sido tomada 4.961 veces
    (4.447 desde el último reinicio)
  • La puntuación promedio es 9 de 10

Estadísticas de respuestas

PIBPaís% Correcto
4,150Alemania
99%
1,769España
99%
2,823Francia
99%
2,307Italia
98%
2,880Reino Unido
97%
3,080Rusia
94%
523Suecia
90%
907Países Bajos
87%
1,114Polonia
87%
529Bélgica
86%

Distribución de puntuación

Porcentaje por número respondido

Porcentaje de gente con cada puntuación

Historial de tus puntuaciones

No has tomado esta prueba desde el último reinicio